<?xml version="1.0" encoding="UTF-8"?>
<marc:record xmlns:marc="http://www.loc.gov/MARC21/slim">
   <marc:leader>00000nam a2200000 a 4500</marc:leader>
   <marc:datafield ind1=" " ind2=" " tag="653">
      <marc:subfield code="a">2 Spieler</marc:subfield>
   </marc:datafield>
   <marc:datafield ind1=" " ind2=" " tag="653">
      <marc:subfield code="a">Legespiel</marc:subfield>
   </marc:datafield>
   <marc:datafield ind1=" " ind2=" " tag="653">
      <marc:subfield code="a">Würfelspiel</marc:subfield>
   </marc:datafield>
   <marc:datafield ind1="0" ind2="0" tag="245">
      <marc:subfield code="a">Ubongo - Das Duell [Spiel]</marc:subfield>
   </marc:datafield>
   <marc:datafield ind1=" " ind2="1" tag="264">
      <marc:subfield code="a">Stuttgart</marc:subfield>
      <marc:subfield code="b">Kosmos</marc:subfield>
      <marc:subfield code="c">2008</marc:subfield>
   </marc:datafield>
   <marc:datafield ind1="1" ind2=" " tag="520">
      <marc:subfield code="a">Ubongo ist Kult! Das süchtig machende Spiel jetzt auch als Duell für zwei. Messen Sie sich in einem direkten Wettstreit &#x96; mit noch verrückter geformten Legeteilen! Beide Spieler treten gegeneinander an, um das gleiche Ubongo-Rätsel zu lösen. Nach Ubongo-Manier geht es dann flott zur Sache: Wer wird die Fläche als erstes mit den Legeteilen belegen können? Der Schnellere gewinnt einen Siegpunkt und schon kommt die nächste Legetafel an die Reihe. Entscheiden Sie das Duell für sich und werden Sie Ubongo-Meister!</marc:subfield>
   </marc:datafield>
   <marc:datafield ind1=" " ind2=" " tag="020">
      <marc:subfield code="a">4002051690182</marc:subfield>
      <marc:subfield code="9">4002051690182</marc:subfield>
   </marc:datafield>
   <marc:datafield ind1=" " ind2=" " tag="041">
      <marc:subfield code="a">ger</marc:subfield>
   </marc:datafield>
   <marc:datafield ind1=" " ind2=" " tag="500">
      <marc:subfield code="a">1 Wertungstafel, 2 Spielfiguren,  42 Legeteile (2x 21 Stk.), 18 Aufgabenblätter (2x 9 Stk.), 1 Sonderwürfel (20seitig), Spielanleitung dig.</marc:subfield>
   </marc:datafield>
   <marc:datafield ind1="0" ind2=" " tag="490">
      <marc:subfield code="v">0</marc:subfield>
   </marc:datafield>
   <marc:datafield ind1=" " ind2=" " tag="338">
      <marc:subfield code="a">Gegenstand</marc:subfield>
   </marc:datafield>
</marc:record>
